| 000 | 00592nam a2200181Ia 4500 | ||
|---|---|---|---|
| 005 | 20250203004432.0 | ||
| 008 | 240331s9999 xx 000 0 und d | ||
| 082 |
_bINS _24005 _a305.4 |
||
| 100 | _aInstitute of Agriculture and Women in Development (IAWID) | ||
| 245 | 0 |
_aWomen, Transition and Change: _bA study of the impact of conflict and displacement on women in traditional Tamil society |
|
| 260 |
_aColombo _bFriedrich-Ebert-Stiftung _c1995 |
||
| 300 | _axii, 124 p., | ||
| 650 | _aWomen | ||
| 650 | _aTamil Society | ||
| 650 | _aTraditional | ||
| 650 | _aEthnic Confict | ||
| 942 | _cL | ||
| 999 |
_c1664 _d1664 |
||